00423nam a22001457a 4500082001400000100002000014245002000034260003200054300002900086500005400115563000700169700002400176700002100200856005600221 aBEE-4 SAL aM. Tahir Saleem aMaglev Windmill aIslamabadbNUST-SEECSc2016 a65p.b27cm.eCD Includes aSupervisors: Mr. Tassawar Kazmi, Mr. Mansoor Asif aHB aM. Jawwad Alam Khan aUsama Bin Farooq uhttp://10.250.8.41:8080/xmlui/handle/123456789/6290